Сражение в Корейском проливе 14 и 15 мая 1905 года (при о-ве Цусима) (Запись № 6822571)

Подробности
000 -МАРКЕР
контрольное поле 01264nam0a22002891 4500
001 - ИДЕНТИФИКАТОР ЗАПИСИ
контрольное поле v19\rc\1959981
005 - ИДЕНТИФИКАТОР ВЕРСИИ
контрольное поле 20251118181004.6
035 ## - ДРУГИЕ СИСТЕМНЫЕ НОМЕРА
Идентификатор записи (NLR Aleph) 005043881
100 ## - ДАННЫЕ ОБЩЕЙ ОБРАБОТКИ
Данные общей обработки 20080428d1913 u y0rusy50 ca
101 0# - ЯЗЫК РЕСУРСА
Язык текста, звукозаписи и т.д. русский
102 ## - СТРАНА ПУБЛИКАЦИИ ИЛИ ПРОИЗВОДСТВА
Страна публикации Российская Федерация
105 ## - ПОЛЕ КОДИРОВАННЫХ ДАННЫХ: ТЕКСТОВЫЕ МАТЕРИАЛЫ, МОНОГРАФИЧЕСКИЕ
Кодированные данные о монографическом текстовом документе y z |||||
200 1# - ЗАГЛАВИЕ И СВЕДЕНИЯ ОБ ОТВЕТСТВЕННОСТИ
Основное заглавие Сражение в Корейском проливе 14 и 15 мая 1905 года (при о-ве Цусима)
Сведения, относящиеся к заглавию Сообщение капитана 2 ранга М.И. Смирнова 3-го апреля 1913 г.
Первые сведения об ответственности Офиц. арт. шк.
210 ## - ПУБЛИКАЦИЯ, РАСПРОСТРАНЕНИЕ И ДР.
Место издания, распространения и т.д. Царск[ое Село]
Имя издателя, распространителя и т. д. Центр. лито-тип. С.М. Боровкова
Дата издания, распространения и т.д. [1913]
215 ## - ФИЗИЧЕСКАЯ ХАРАКТЕРИСТИКА
Специфическое обозначение материала и объем 7 с.
Размеры 25
532 11 - РАСШИРЕННОЕ ЗАГЛАВИЕ
Заглавие Сражение в Корейском проливе четырнадцатого и пятнадцатого мая 1905 года (при о-ве Цусима)
700 #1 - ИМЯ ЛИЦА - ПЕРВИЧНАЯ ОТВЕТСТВЕННОСТЬ
Графика поля Кириллица
Материалы, к которым относится поле rus
Начальный элемент ввода Смирнов
Часть имени, кроме начального элемента ввода М. И.
Дополнения к именам, кроме дат контр-адмирал
Даты 1880-1937
Расширение инициалов личного имени Михаил Иванович
Системный номер авторитетной/нормативной записи 128966
Идентификатор авторитетной/нормативной записи RU\NLR\AUTH\770128997
801 #0 - ИСТОЧНИК ЗАПИСИ
Страна Российская Федерация
Организация NLR
Правила каталогизации psbo
801 #0 - ИСТОЧНИК ЗАПИСИ
Страна Российская Федерация
Организация RuMoRGB
Источник данных psbo
801 #1 - ИСТОЧНИК ЗАПИСИ
Страна Российская Федерация
Организация ProSoft-M
Источник данных rusmarc
852 ## - МЕСТОНАХОЖДЕНИЕ И ШИФР ХРАНЕНИЯ
Идентификатор организации NLR
Шифр хранения (Call Number) 18.259.9.51
899 ## - ДАННЫЕ О МЕСТОНАХОЖДЕНИИ (устаревшее)
Местонахождение RuMoRGB
Шифр хранения Δ 13/302
899 ## - ДАННЫЕ О МЕСТОНАХОЖДЕНИИ (устаревшее)
Местонахождение RuMoRGB
Шифр хранения U 272/659
942 ## - ДОПОЛНИТЕЛЬНЫЕ ЭЛЕМЕНТЫ ЗАПИСИ (АБИС)
Тип экземпляра АБИС Книга
980 ## - КОЛЛЕКЦИЯ
Название коллекции Национальная библиография
Экземпляры
Тип экземпляра Дата поступления Библиотека постоянного хранения Библиотека текущего хранения Место хранения Шифр хранения Штрих-код Статус экземпляра
Книга 26.10.2013 РНБ (Садовая) РНБ (Садовая) Русский книжный фонд -Главное здание, Ленинский читальный зал 18.259.9.51 1-4544844